000 00479nam a2200145 4500
008 151019b xxu||||| |||| 00| 0 eng d
020 _a0155003100
050 _aHF 5635 .E54 1992
100 _aEngelbret, William G.
_d1992.
245 _aTelecourse study guide to accompany principles of accounting and financial accounting.
260 _aUSA:
_bThe dryden press,
_c1992.
300 _a374 p.
650 _aAccounting.
942 _2lcc
_cBOOKS
_hHF 5635 .E54 1992
999 _c9236
_d9236